| 000 | 00438nam a2200181Ia 4500 | ||
|---|---|---|---|
| 001 | 16167 | ||
| 005 | 20260306170249.0 | ||
| 008 | 260306t2008||||xx |||||||||||||| ||und|| | ||
| 041 | _aESP | ||
| 082 |
_a347 _bO93 |
||
| 100 |
_aAlbán, Jorge Oviedo (coord.) _eAUT |
||
| 245 | 0 | _aDerecho comercial en el siglo XXI | |
| 260 | _c2008 | ||
| 300 |
_a247 páginas : _c22 cm. |
||
| 650 | _aGEN | ||
| 654 | _aCDE | ||
| 942 |
_cLIB _dJUS _fJUS _2ddc _n |
||
| 999 |
_c16167 _d16167 |
||